000 00395nam a2200145 i 4500
001 73913
003 ES-MaACL
007 t|
008 040913q1912 fr ||||1| fre d
100 1 _aGonnot, Paul.
_958255
245 1 3 _aLa Grève dans l'industrie privéé /
_cpra Paul Gonnot.
260 _aParis :
_bA. Rousseau,
_c[1912?]
300 _aIX :
_b411 p. ;
_c25 cm.
852 _aES-MaACL
_jG-5714
999 _c73913
_d73913